|
|
|
|
| LEADER |
00000nab a2200000 a 4500 |
| 001 |
vtls010572589 |
| 003 |
SK-MaSNL |
| 005 |
20260318114347.0 |
| 008 |
140128c2013 xo wr p 000 c0ukr |
| 015 |
|
|
|a SNBRB2014/01
|
| 038 |
|
|
|a SVKPOCL
|
| 040 |
|
|
|a SVKPOCL
|b slo
|c SVKPOCL
|e AACR2
|
| 041 |
0 |
|
|a ukr
|
| 044 |
|
|
|a xo
|c SK
|
| 080 |
|
|
|a 80(=16)+908(4)
|2 2001
|
| 080 |
|
|
|a 80(=161.2)+908(477)
|2 2001
|
| 080 |
|
|
|a 784.4(=161.2)
|2 2001
|
| 080 |
|
|
|a 06.063
|2 2001
|
| 080 |
|
|
|a 394.1/.2
|2 2001
|
| 100 |
1 |
|
|a Iľuk, Miroslav,
|d 1942-
|4 aut
|4 pht
|9 6395
|
| 245 |
1 |
0 |
|a «Makovyc'ka struna» molodije
|c Myroslav Iljuk ; foo avtora ta Ladyslava Cupera
|
| 300 |
|
|
|b Fotogr.
|
| 611 |
2 |
7 |
|a Makovická struna
|n (41. :
|d 2013 :
|c Bardejov a Prešov, Slovensko)
|2 svkpocl
|9 1629091
|
| 648 |
|
7 |
|a 30.11.-1.12.2013
|2 svkpocl
|9 1629092
|
| 650 |
0 |
7 |
|a rusínske ľudové piesne
|2 svkpocl
|9 279157
|
| 650 |
0 |
7 |
|a ukrajinské ľudové piesne
|2 svkpocl
|9 3456
|
| 650 |
0 |
7 |
|a súťaže
|2 svkpocl
|9 3301
|
| 650 |
0 |
7 |
|a festivaly
|2 svkpocl
|9 3406
|
| 650 |
0 |
7 |
|a slavistika
|2 svkpocl
|9 4282
|
| 650 |
0 |
7 |
|a ukrajinistika
|2 svkpocl
|9 51200
|
| 651 |
|
7 |
|a Bardejov (Slovensko)
|2 svkpocl
|9 20040
|
| 651 |
|
7 |
|a Prešov (Slovensko)
|2 svkpocl
|9 17347
|
| 655 |
|
7 |
|a články z novín a časopisov
|2 svkpocl
|9 267496
|
| 700 |
1 |
|
|a Cuper, Ladislav,
|d 1952-
|4 pht
|9 111752
|
| 773 |
0 |
|
|t Nove žyttja
|g Roč. 63, č. 24 (2013), s. 1
|
| 852 |
|
|
|a SVKPO
|b KIS3GCP
|
| 856 |
4 |
1 |
|u www.rusini-ukrajinci.tym.sk
|
| 958 |
|
|
|a UK
|
| 958 |
|
|
|a SK
|
| 958 |
|
|
|a RN
|
| 958 |
|
|
|a SS
|
| 999 |
|
|
|c 3362313
|d 3364243
|